První republika u stolu /
Zajímavosti a informace spojené s gastronomí a stolováním v letech 1918 - 1939 u nás. Oblíbená jídla slavných osobností i recepty na přípravu běžných jídel.
Uloženo v:
| Hlavní autor: | |
|---|---|
| Médium: | E-kniha |
| Jazyk: | Czech |
| Vydáno: |
V Brně :
Nastole,
2025
|
| Vydání: | 2. vydání |
| Témata: | |
| Tagy: |
Žádné tagy |
| LEADER | 02488nam a2200565 i 4500 | ||
|---|---|---|---|
| 001 | 312769 | ||
| 003 | CZ PrSKC | ||
| 005 | 20260601215728.0 | ||
| 007 | ta | ||
| 008 | 250722s2025 xr acfhe f 000 0dcze | ||
| 015 | |a cnb003696775 | ||
| 020 | |a 9788074483981 |q (vázáno) : |c Kč 590,00 | ||
| 035 | |a (OCoLC)1535680118 | ||
| 040 | |a OLA001 |b cze |d ABA001 |e rda | ||
| 043 | |a e-xr--- | ||
| 045 | |a x1x3 | ||
| 072 | 7 | |a 641 |x Kuchařství. Potraviny. Vařená jídla |2 Konspekt | |
| 080 | |a 641/642 |2 MRF | ||
| 080 | |a 641.56(=162.3) |2 MRF | ||
| 080 | |a 929-058.1 |2 MRF | ||
| 080 | |a (437.3) |2 MRF | ||
| 080 | |a (083.12) |2 MRF | ||
| 080 | |a (0.062) |2 MRF | ||
| 100 | 1 | |a Vašák, Jaroslav, |d 1947- |7 jn20000810138 |4 aut | |
| 245 | 1 | 0 | |a První republika u stolu / |c Jaroslav Vašák |
| 250 | |a 2. vydání | ||
| 264 | 1 | |a V Brně : |b Nastole, |c 2025 | |
| 300 | |a 334 stran, 8 nečíslovaných stran obrazových příloh : |b ilustrace (některé barevné), portréty, faksimile ; |c 25 cm | ||
| 336 | |a text |b txt |2 rdacontent | ||
| 337 | |a bez média |b n |2 rdamedia | ||
| 338 | |a svazek |b nc |2 rdacarrier | ||
| 500 | |a Obálkový podnázev: na čem si pochutnávaly celebrity a co se jedlo v běžných domácnostech, nejoblíbenější recepty našich babiček a prababiček | ||
| 520 | 2 | |a Zajímavosti a informace spojené s gastronomí a stolováním v letech 1918 - 1939 u nás. Oblíbená jídla slavných osobností i recepty na přípravu běžných jídel. | |
| 648 | 7 | |a 1918-1939 |7 ch460649 |2 czenas | |
| 650 | 0 | 7 | |a gastronomie |7 ph120473 |z Česko |y 1918-1939 |2 czenas |
| 650 | 0 | 7 | |a česká jídla |7 ph116856 |y 1918-1939 |2 czenas |
| 650 | 0 | 7 | |a osobnosti |7 ph115615 |z Česko |2 czenas |
| 650 | 0 | 9 | |a gastronomy |z Czechia |y 1918-1939 |2 eczenas |
| 650 | 0 | 9 | |a Czech cookery |y 1918-1939 |2 eczenas |
| 650 | 0 | 9 | |a celebrities |z Czechia |2 eczenas |
| 655 | 7 | |a kuchařské recepty |7 fd132687 |2 czenas | |
| 655 | 7 | |a populárně-naučné publikace |7 fd131864 |2 czenas | |
| 655 | 9 | |a cookbooks |2 eczenas | |
| 655 | 9 | |a popular works |2 eczenas | |
| 900 | |a ABA001 |b 19 | ||
| 928 | 9 | |a Albatros Media - Nastole | |
| 044 | |a xr | ||
| 910 | |a RBIT002 | ||
| 998 | |d 421457 |a https://core.palmknihy.cz/api/books/421457/cover?szjgkn |b https://core.palmknihy.cz/api/books/421457/cover/400?szjgkn |c https://core.palmknihy.cz/api/books/421457/cover/50?szjgkn |e 2050-12-31 |g 344 |i 9788074483981 |k https://core.palmknihy.cz/api/books/421457/preview.pdf |l |q 49 |r 1 |s https://www.palmknihy.cz/kniha/421457 |t ebook |y 2025 |z 0 | ||
| 999 | |d 312767 | ||